|
|
|
|
| LEADER |
00000nas a2200000 a 4500 |
| 001 |
ssj0000652019 |
| 003 |
WaSeSS |
| 005 |
20200512172242.0 |
| 006 |
m d |
| 007 |
cr n |
| 008 |
861117c19819999bl fx p s f0 0por |
| 010 |
|
|
|a 86649204
|
| 016 |
7 |
|
|a 9886639
|2 DNLM
|
| 016 |
7 |
|
|a SR0075040
|2 DNLM
|
| 022 |
|
|
|l 1414-9893
|y 1414-9893
|
| 035 |
|
|
|a (WaSeSS)ssj0000652019
|
| 040 |
|
|
|a DLC
|b eng
|c DLC
|d DLC
|d NLM
|d OCLCQ
|d OCLCF
|d CUS
|d WaSeSS
|
| 042 |
|
|
|a pcc
|
| 050 |
0 |
0 |
|a BF5
|b .P753
|
| 210 |
0 |
|
|a Psicol.
|b (Cons. Fed. Psicol., Impr.)
|
| 222 |
|
0 |
|a Psicologia
|b (Conselho Federal de Psicologia. Impresso)
|
| 245 |
0 |
0 |
|a Psicologia, ciência e profissão
|h [electronic resource] /
|c Ministério do Trabalho, Conselho Federal de Psicologia.
|
| 260 |
|
|
|a Brasília :
|b Conselho Federal de Psicologia,
|c 1981-
|
| 310 |
|
|
|a Semiannual (irregular)
|
| 362 |
0 |
|
|a Vol. 1, no. 1 (jan. de 1981)-
|
| 500 |
|
|
|a Title from cover.
|
| 500 |
|
|
|a Introductory no., called no. 0, issued Dec. 1979.
|
| 506 |
|
|
|a License restrictions may limit access.
|
| 588 |
|
|
|a Latest issue consulted: Ano 5, no. 1, published in 1985.
|
| 650 |
|
0 |
|a Psychology
|v Periodicals.
|
| 650 |
|
7 |
|a Psychology.
|2 fast
|0 (OCoLC)fst01081447
|
| 655 |
|
0 |
|a Electronic journals.
|
| 710 |
2 |
|
|a Conselho Federal de Psicologia (Brazil)
|
| 850 |
|
|
|a DLC
|
| 856 |
4 |
0 |
|z Full text available from Research Library: 12/01/2002 to present
|u https://search.proquest.com/publication/2047533
|